| 000 | 00568nam a2200157 a 4500 | ||
|---|---|---|---|
| 001 | 000041907 | ||
| 005 | 20201002035826.0 | ||
| 008 | 131021s2008 dr ac 000 0 spa d | ||
| 040 |
_aDO-SdBNP _bspa _cBNPHU |
||
| 082 |
_axxx _bxxxx |
||
| 100 | 1 |
_aZaffaroni, Eugenio Raúl _946306 |
|
| 245 | 1 | 0 |
_aJornada del derecho penal. : _bEugenio Raúl Zaffaroni. |
| 260 |
_aSanto Domingo, : _bComisionado de apoyo a la reforma y modernización de la justicia, _c2008. |
||
| 300 |
_a59 p. : _bil. retr. ; _c24 cm. |
||
| 500 | _aIncluye datos biografícos del autor en la contraportada. | ||
| 999 |
_c41396 _d41396 |
||